000 01030nam a2200277Ia 4500
003 OSt
005 20221005111253.0
006 a|||||r|||| 00| 0
007 ta
008 221004b |||||||| |||| 00| 0 hin d
020 _a818143580X (hbk)
_c300
024 _a7058
037 _b95, 05/09/2013, Vani Prakashan
_cTextual
040 _aCRL
_cCRL
_bhin
041 _2hin
_ahin
082 _aO152,6M83x, P7
100 _aजैन, निर्मला, संपा.
245 0 _aपं. चन्द्रधर शर्मा गुलेरी
246 _aPan. Chandradhar sharmā gulerī
260 _aनई दिल्ली
_bवाणी प्रकाशन भारत
_c2010
300 _a156पृ0
_ccm.
490 _aनिबन्धों की दुनिया
650 _aहिन्दी साहित्य
942 _hO152,6M83x, P7
_cTEXL
_2cc
999 _c1021326
_d1021326